000 00537 a2200169 4500
003 OSt
005 20230904163153.0
008 230901b |||||||| |||| 00| 0 eng d
020 _a9789356403338
040 _coclc
082 _a658.834
_bOSH/C
100 1 _aO'Shaughnessy, John,
_d1927-2023
_99379
245 _aCONSUMER BEHAVIOR
_bperspectives, findings, explanations /
_cJohn O'shaughnessy
260 _aNew Delhi:
_bBloomsbury,
_c2023.
300 _a520 p
942 _2ddc
_cBK
_h658.834
_iOSH/C
_k658.834
_mOSH/C
999 _c42033
_d42033